000 00765 a2200205 4500
010 _aENG-90009
020 _a9780195695992
_c395.00
035 _aEN-73542
037 _bDBAD / PUB
082 1 4 _a306.85095461
090 _c12150
_d12150
100 1 _aGray, John N.
245 1 _aThe householder's world:
_cby John N. Gray
_bpurity, power and dominance in a Nepali Village/
260 _aNew Delhi
_bOxford University Press
_c2008
270 _aYMCA Library Building, Jai Singh Road
_bNew Delhi
_e110 001
300 _axiv, 302p.
_c24cm (pbk)
500 _aIncludes glossary, bibliographical references & index
942 _adpl
_cEN
_k306.85095461 / GRA
999 _c11796
_d11796